| 000 | 00928cam a2200313 i 4500 | ||
|---|---|---|---|
| 999 |
_c9135 _d9135 |
||
| 001 | 9135 | ||
| 003 | BD-JhCC | ||
| 005 | 20180308200834.0 | ||
| 008 | 801119s1981 cau b 000 0 eng | ||
| 020 | _a0803915233 | ||
| 020 | _a0803915241 (pbk.) | ||
| 035 | _a(BD-JhCC)9135 | ||
| 040 |
_aDLC _cDLC _dDLC _dBD-JhCC |
||
| 041 | _aeng | ||
| 050 | 0 | 0 |
_aUF767 _b.L44 |
| 082 | 0 | 0 |
_a327.1/7 _219 _bLEV 1981 |
| 100 | 1 |
_aLevi, Werner, _d1912-2005. |
|
| 245 | 1 | 4 |
_aThe coming end of war / _cWerner Levi. |
| 260 |
_aBeverly Hills, Calif. : _bSage Publications, _cc1981. |
||
| 300 |
_a183 p. ; _c23 cm. |
||
| 490 | 0 | _aSage library of social research ; v. 117 | |
| 504 | _aBibliography: p. 179-182. | ||
| 650 | 0 | _aNuclear warfare. | |
| 650 | 0 | _aWar. | |
| 650 | 0 |
_aWorld politics _y1945-1989. |
|
| 856 | 4 | 2 |
_3Publisher description _uhttp://www.loc.gov/catdir/enhancements/fy0660/80039568-d.html |
| 942 |
_2ddc _cBK |
||